উসমানি সাম্রাজ্যের ইতিহাস / (Record no. 14501)
[ view plain ]
| 000 -LEADER | |
|---|---|
| fixed length control field | 00908nam a22002297a 4500 |
| 001 - CONTROL NUMBER | |
| JCCL Control Number | 14501 |
| 003 - CONTROL NUMBER IDENTIFIER | |
| JCCL marc code | BD-JhCC |
| 005 - DATE AND TIME OF LATEST TRANSACTION | |
| control field | 20251229114849.0 |
| 008 - FIXED-LENGTH DATA ELEMENTS--GENERAL INFORMATION | |
| fixed length control field | 251229b |||||||| |||| 00| 0 eng d |
| 020 ## - INTERNATIONAL STANDARD BOOK NUMBER | |
| International Standard Book Number | 9789843473424 |
| 035 ## - SYSTEM CONTROL NUMBER | |
| system control number | (BD-JhCC)14501 |
| 040 ## - CATALOGING SOURCE | |
| Original cataloging agency | BD-JhCC |
| Modifying agency | BD-JhCC |
| 041 ## - LANGUAGE CODE | |
| Language code of Book | বাংলা |
| 082 ## - DEWEY DECIMAL CLASSIFICATION NUMBER | |
| DDC Edition number | 23 |
| Classification number | 956.015 |
| Author mark and Year | SAL 2023 |
| 100 ## - MAIN ENTRY--PERSONAL NAME | |
| Personal name | সাল্লাবি, আলি মুহাম্মদ |
| 245 ## - TITLE STATEMENT | |
| Title | উসমানি সাম্রাজ্যের ইতিহাস / |
| Statement of responsibility, etc | ড. আলি মুহাম্মদ সাল্লাবি |
| 260 ## - PUBLICATION, DISTRIBUTION, ETC. (IMPRINT) | |
| Place of publication, distribution, etc | ঢাকাঃ |
| Name of publisher, distributor, etc | মুহাম্মদ পাবলিকেশন, |
| Date of publication, distribution, etc | ২০২৩ |
| 300 ## - PHYSICAL DESCRIPTION | |
| Pagination | ৭৪৮ পৃ.; |
| Other physical details | ill |
| Dimensions | ২২ সেমি. |
| Accompanying material | পেপার বাইন্ডিং |
| 650 ## - SUBJECT ADDED ENTRY--TOPICAL TERM | |
| Topical term or geographic name as entry element | উসমানি সাম্রাজ্যের ইতিহাস |
| 942 ## - ADDED ENTRY ELEMENTS (KOHA) | |
| Source of classification or shelving scheme | Dewey Decimal Classification |
| Koha item type | Books |
| Source of classification or shelving scheme | Damaged status | Not for loan | Collection code | Home library | Current library | Shelving location | Date of accession | Cost, normal purchase price | Total Checkouts | Full call number | Barcode | Date last seen | Copy number | Method of acquisition | Koha item type | Currency |
|---|---|---|---|---|---|---|---|---|---|---|---|---|---|---|---|---|
| Dewey Decimal Classification | Non-fiction | JCC Rouf Library | JCC Rouf Library | General Stacks | 12/29/2025 | 989.00 | 956.015 SAL 2023 | 20325 | 12/29/2025 | C - 1 | Purchase | Books | BDT | |||
| Dewey Decimal Classification | Non-fiction | JCC Rouf Library | JCC Rouf Library | General Stacks | 12/29/2025 | 989.00 | 956.015 SAL 2023 | 20326 | 12/29/2025 | C - 2 | Purchase | Books | BDT |